<?xml version="1.0" encoding="UTF-8"?>
<collection xmlns="http://www.loc.gov/MARC21/slim">
  <record>
    <leader>00000nam  2200000   4500</leader>
    <controlfield tag="001">INLIS000000000012944</controlfield>
    <controlfield tag="005">20220621095108</controlfield>
    <datafield tag="035" ind1="#" ind2="#">
      <subfield code="a">0010-0622000252</subfield>
    </datafield>
    <datafield tag="245" ind1="1" ind2="#">
      <subfield code="a">Pembentukan Lembaga Kajian "Beranda Demokrasi" Analis Materi Sidang Sekretariat Bawaslu Provinsi Kalimantan Tengah /</subfield>
      <subfield code="c">Akbar Fahreza, S.H.</subfield>
    </datafield>
    <datafield tag="100" ind1="1" ind2="#">
      <subfield code="a">FAHREZA, Akbar</subfield>
    </datafield>
    <datafield tag="250" ind1="#" ind2="#">
      <subfield code="a">1</subfield>
    </datafield>
    <datafield tag="300" ind1="#" ind2="#">
      <subfield code="a">ii, 51 halaman ; lamp :</subfield>
      <subfield code="b">ilustrasi ;</subfield>
      <subfield code="c">30 cm</subfield>
    </datafield>
    <datafield tag="260" ind1="#" ind2="#">
      <subfield code="a">Samarinda :</subfield>
      <subfield code="b">Puslatbang KDOD,</subfield>
      <subfield code="c">2021</subfield>
    </datafield>
    <datafield tag="084" ind1="#" ind2="#">
      <subfield code="a">LATSAR 770 2021</subfield>
    </datafield>
    <datafield tag="650" ind1="#" ind2="4">
      <subfield code="a">Pelatihan Dasar</subfield>
    </datafield>
    <datafield tag="650" ind1="#" ind2="4">
      <subfield code="a">Laporan Aktualisasi</subfield>
    </datafield>
    <datafield tag="650" ind1="#" ind2="4">
      <subfield code="a">inovasi pemerintah</subfield>
    </datafield>
    <datafield tag="650" ind1="#" ind2="4">
      <subfield code="a">organisasi pemerintah</subfield>
    </datafield>
    <datafield tag="650" ind1="#" ind2="4">
      <subfield code="a">lembaga kajian</subfield>
    </datafield>
    <datafield tag="650" ind1="#" ind2="4">
      <subfield code="a">kajian demokrasi</subfield>
    </datafield>
    <datafield tag="650" ind1="#" ind2="4">
      <subfield code="a">Badan Pengawasan pemilihan umum</subfield>
    </datafield>
    <datafield tag="520" ind1="#" ind2="#">
      <subfield code="a">: Laporan Aktualisasi Pelatihan Dasar ini didasarkan pada isu belum optimalnya peran Balai Pengawasan Pemilu dalam konteks pelibatan peran masyarakat untuk perbaikan demokrasi, sehingga dibuat 4 kegiatan berdasarkan nilai ANEKA (Akuntabilitas, Nasionalisme, Etika public, Komitmen Mutu dan Anti korupsi), yaitu : Konsolidasi gagasan pembentukan lembaga kajian “Beranda Demokrasi”, Perumusan dan penandatanganan perjanjian kerjasama terkait rencana pembentukan Beranda Demokkrasi, Penetapan dasar keorganisasian Beranda Demokrasi, dan Peresmian Lembaga Kajian “Beranda Demokrasi” . Kegiatan ini dilaksanakan dari tanggal 1 Oktober 2021-19 November 2021</subfield>
    </datafield>
    <datafield tag="500" ind1="#" ind2="#">
      <subfield code="a">Coach : ITCIANDAY, S.H.M.H&#13;
Penguji : IKA RETNA NINGRUM, S.Pd.MPP&#13;
Mentor : Sri Srayu, S.H.</subfield>
    </datafield>
    <datafield tag="990" ind1="#" ind2="#">
      <subfield code="a">LATSAR/770/2021</subfield>
    </datafield>
  </record>
</collection>
